000 00644nam a2200217Ia 4500
005 20250508165949.0
008 008 250505s9999 xx 000 0 eng d
020 _a978-1-4129-4968-2
037 _aReference
040 _aFEDL
_beng
_cFEDL
041 _aeng
_2eng
084 _a150, DAS/RR
_qFEDL
100 _aDavis Stephen F Ed.
245 0 _a21st century psychology: A reference handbook, 2 Vols.
260 _aNew Delhi, India
_bSage Publications India Pvt. Ltd.
_c2008
300 _a531p.
365 _aINR
_b4
700 _a Buskist William Ed.
_9782541
942 _cREF
_h150, DAS/RR
999 _c1398441
_d1398441